000 00951nam a2200289Ia 4500
001 H5770
003 IT-RoPAU
008 130308s9999 xx 000 0 und d
040 _aIT-RoPAU
040 _cIT-RoPAU
041 _aITALIANO
100 _aMalinverno Elena
100 _gCodice Aut. SPICS: 58247
245 _aTelegiornale in Spagna (Il)
245 _bSpeciale Tg. forme e Tecniche del Giornalismo Televisivo
250 _a4a ed.
260 _aNOVARA
260 _bInterlinea
260 _c2005 [1° Ed.:1997 - Ed.Ling.Originale:1997]
300 _a"12 p. (prefazione: no ; testo: 12 [pagine: 283-294])"
500 _a"Premessa. telegiornali nell'epoca della Concorrenza. Analisi dei telegiornali Spagnoli: Telediario; informativo Telecinco; Antena 3 Noticias; La2 Noticias; Telenoticias. Conclusioni."
650 _aGENERI TELEVISIVI
650 _eCodice materia Spics: 6960
942 _cBK
957 _71
999 _c84857
_d84857
999 _g1